landen die later kunnen bestaan - Statistieken

Algemene statistieken
  • Deze quiz is 17 keer genomen
  • De gemiddelde score is 7 van 16
Antwoordstatistieken
Foto Antwoord % Correct
groenland
80%
hong kong
80%
puerto rico
73%
gibraltar
67%
catalonië
60%
wallonië
60%
tibet
53%
nieuw caledonië
47%
quebec
40%
bavaria
27%
falkland eiland
27%
sardinië
27%
bougainville
20%
kurdistan
20%
somaliland
20%
western sahara
7%
Geen overeenkomende quizzen gevonden
Scoreverdeling
Procent van Mensen met Elke Score
Percentiel versus Aantal Correcte Antwoorden
Uw Scoregeschiedenis
U heeft deze quiz nog niet genomen